| 000 | 02628nam0a2200397 i 4500 | ||
|---|---|---|---|
| 001 | RU\NLR\BIBL_A\010400914 | ||
| 005 | 20241105184406.0 | ||
| 010 |
_a9785422005369 _9500 |
||
| 021 |
_aRU _b2014-25779 _91600 |
||
| 035 | _a(NILC)RuMoRGB-006774615 | ||
| 035 | _a(NLR Aleph) 010400914 | ||
| 090 |
_a9706971 _c9706971 |
||
| 100 | _a20140611d2014 k y0rusy50 ca | ||
| 101 | 0 | _arus | |
| 102 | _aRU | ||
| 105 | _aac||z|||001yc | ||
| 200 | 1 |
_aРеализация компетентностного, личностно-ориентированного подхода в обучении в бизнес-школе Пятигорского государственного лингвистического университета _eмонография _fМ.А. Коргова, А.М. Салогуб, Л.Р. Мхеидзе, К.Х. Демир _gМ-во образования и науки Рос. Федерации, Федер. гос. бюджет. образоват. учреждение высш. проф. образования "Пятигор. гос. лингвист. ун-т", [Бизнес-шк.] |
|
| 210 |
_aПятигорск _cПятигорский государственный лингвистический университет _d2014 |
||
| 215 |
_a101 с. _cцв. ил., портр. _d20 |
||
| 300 | _aНа 100-й с. авт.: Коргова М.А., д.социол.н., проф., Салогуб А.М., д.социол.н., доц., Мхеидзе Л.Р., к.социол.н., преп., Демир К.Х., преп. | ||
| 320 | _aБиблиогр.: с. 97-99 (26 назв.) | ||
| 601 | 0 | 2 |
_aПятигорский государственный лингвистический университет _bБизнес-школа _92250030 _3RU\NLR\AUTH\6601580338 |
| 610 | 0 | _aбизнес-образование | |
| 610 | 0 | _aбизнес-школы | |
| 675 | _a334.012:378 | ||
| 686 | 1 | _aЧ489.34(2Р)7 | |
| 701 | 1 |
_aКоргова _bМ. А. _gМарина Анатольевна |
|
| 701 | 1 |
_aСалогуб _bА. М. _gАнжела Михайловна |
|
| 701 | 1 |
_aМхеидзе _bЛ. Р. _cканд. социол. наук _gЛия Ревазовна _9190464 _3RU\NLR\AUTH\770190515 |
|
| 701 | 1 |
_aДемир _bК. Х. _gКарина Хусейновна |
|
| 801 | 0 |
_aRU _bRuMoRKP _c20140407 _gRCR |
|
| 801 | 2 |
_aRU _bРГБ _c20140422 _grcr |
|
| 942 | _cBOOK | ||
| 980 | _aNBR | ||